Normal view MARC view

Entry Nombre personal

Number of records used in: 2

001 - NÚMERO DE CONTROL

  • campo de control: 162140

003 - IDENTIFICADOR DE NÚMERO DE CONTROL

  • campo de control: SpMaBN

005 - FECHA Y HORA DE LA ÚLTIMA TRANSACCIÓN

  • campo de control: 20250821095125.0

008 - ELEMENTOS DE DATO DE LONGITUD-FIJA

  • campo de control de longitud fija: 930725nn ainnnaabn n aac

016 ## - NÚMERO DE CONTROL DE UNA AGENCIA BIBLIOGRÁFICA NACIONAL

  • Número de control del registro: BNE19996423599

040 ## - FUENTE DE CATALOGACIÓN

  • Centro catalogador/agencia de origen: SpMaBN
  • Lengua de catalogación: spa
  • Centro/agencia transcriptor: SpMaBN
  • Normas de descripción: rdc
  • Convención/Normas de encabezamiento de materia/tesauro: embne

100 1# - ENCABEZAMIENTO-NOMBRE DE PERSONA

  • Nombre de persona: Mariutti, Ángela,
  • Fechas asociadas al nombre: 1900-1981

375 ## - GÉNERO/SEXO

  • Género: Femenino

400 1# - TRAZADO DE VÉASE--NOMBRE DE PERSONA

  • Nombre de persona: Mariutti de Sánchez Rivero, Ángela,
  • Fechas asociadas al nombre: 1900-1981

670 ## - FUENTE DE DATOS ENCONTRADOS

  • Información encontrada: (historiadora e hispanista veneciana, casada con Ángel Sánchez Rivero en 1930; publica hasta la década de los 60 del s. XX; bibliotecaria de 1944 a 1971 de la Biblioteca Nazionale Marciana, de la que fue donante)

670 ## - FUENTE DE DATOS ENCONTRADOS

  • Cita de la fuente: WWW Hemeroteca Digital, El Diario Montañés, 19-01-2018, "El buen discípulo", art. de J. L. García Martín sobre Á. Sánchez Rivero , p. 102
  • Información encontrada: (Angela Mariutti, 1900-1981)